00285nam a2200109Ia 4500008004100000041001200041082001100053100002100064245006600085260001600151650000800167221030s9999 xx 000 0 und d aEnglish a105.23 aSurya Jamwal/365 0aDigital Capacitance cum requency metercSobia Ashraf,/384 aJammuc1999 aECE